000 00706cam a2200241 4500
008 090401t1996 xxu||||| |||| 00| 0 eng d
020 _a1856041735
035 _a(Sirsi) u19990
041 _aeng
050 _a029.7
245 4 _aThe end-user revolution: CD-ROM, Internet and the changing role of the information professional.
260 _aLondon
_bLibrary Association Publishing
_c1996
300 _avi,202p. ; 24cm.
350 _a37.5
650 _aCD-ROM
650 _aDATABASES
650 _aLIBRARIES
650 _aSPECIAL LIBRARIES
690 _aMANAGEMENT-BUSINESS MANAGEMENT-INFORMATION MANAGEMENT
700 _aBiddlescombe, Richard
_xEditor
942 _n0
948 _c04/03/1997
999 _c87743
_d87743